[Event "Chess Siberia A"]
[Site "Novosibirsk"]
[Date "2017.06.27"]
[Round "6"]
[White "Suleymenov, Alisher"]
[Black "Petrukhin, Denis"]
[Result "1-0"]
[WhiteElo "2293"]
[BlackElo "2361"]
[PlyCount "59"]
[EventDate "2017.06.24"]
[EventType "tourn"]
[EventRounds "9"]
[EventCountry "RUS"]
[EventCategory "1"]
[SourceTitle "EXT 2018"]
[Source "ChessBase"]
[SourceDate "2017.10.13"]
[SourceVersion "1"]
[SourceVersionDate "2017.10.13"]
[SourceQuality "1"]

1. Nf3 Nf6 2. c4 g6 3. g3 Bg7 4. Bg2 0-0 5. 0-0 d6 6. Nc3 Nbd7 7. Rb1 e5 8. d3 Re8 9. Nd2 h5 10. b4 h4 11. b5 hxg3 12. hxg3 Ng4 13. a4 f5 14. Nd5 Ndf6 15. Ba3 g5 16. Rc1 Rb8 17. c5 Be6 18. cxd6 Nxd5 19. Bxd5 Bxd5 20. dxc7 Qf6 21. e4 Qh6 22. Nf3 fxe4 23. dxe4 Bxe4 24. cxb8Q Rxb8 25. Re1 Bg6 26. Kg2 e4 27. Qd5+ Kh8 28. Rh1 exf3+ 29. Qxf3 Bh5 30. Rxh5 1-0

[Event "Zheleznogorsk-ch"]
[Site "Zheleznogorsk"]
[Date "2017.03.01"]
[Round "9"]
[White "Zharinov, Vyacheslav"]
[Black "Petrukhin, Denis"]
[Result "0-1"]
[WhiteElo "1872"]
[BlackElo "2355"]
[PlyCount "62"]
[EventDate "2017.02.06"]
[EventType "swiss"]
[EventRounds "9"]
[EventCountry "RUS"]
[SourceTitle "CBM 177 Extra"]
[Source "ChessBase"]
[SourceDate "2017.04.27"]
[SourceVersion "1"]
[SourceVersionDate "2017.04.27"]
[SourceQuality "1"]

1. e4 e5 2. Nf3 Nc6 3. Bb5 a6 4. Ba4 Nf6 5. 0-0 b5 6. Bb3 Bc5 7. c3 d6 8. d4 Bb6 9. dxe5 Nxe5 10. Nxe5 dxe5 11. Qxd8+ Kxd8 12. Bg5 Ke7 13. Kh1 h6 14. Bxf6+ Kxf6 15. f4 Be6 16. fxe5+ Kxe5 17. Nd2 Bxb3 18. axb3 Rhd8 19. Nf3+ Kxe4 20. Rae1+ Kd3 21. Re7 Kc2 22. Rxf7 Kxb3 23. Rxg7 Kxb2 24. Rg3 a5 25. Nd4 Rf8 26. Rd1 Rad8 27. Rd2+ Kc1 28. Nb3+ Kb1 29. h4 Rxd2 30. Nxd2+ Kc2 31. Ne4 Rf4 0-1

[Event "Zheleznogorsk-ch"]
[Site "Zheleznogorsk"]
[Date "2017.02.13"]
[Round "4"]
[White "Firsov, Oleg"]
[Black "Petrukhin, Denis"]
[Result "0-1"]
[WhiteElo "1999"]
[BlackElo "2355"]
[PlyCount "40"]
[EventDate "2017.02.06"]
[EventType "swiss"]
[EventRounds "9"]
[EventCountry "RUS"]
[SourceTitle "CBM 177 Extra"]
[Source "ChessBase"]
[SourceDate "2017.04.27"]
[SourceVersion "1"]
[SourceVersionDate "2017.04.27"]
[SourceQuality "1"]

1. e4 e5 2. Nf3 Nc6 3. d4 exd4 4. Nxd4 Bc5 5. Be3 Qf6 6. c3 Nge7 7. Bc4 b6 8. 0-0 Bb7 9. f4 0-0-0 10. e5 Qh4 11. Bxf7 Rhf8 12. Bc4 g5 13. g3 Qh3 14. Rf2 gxf4 15. Bxf4 Rxf4 16. Bf1 Qg4 17. Be2 Rxd4 18. cxd4 Qxd4 19. Qxd4 Bxd4 20. Kf1 Bxb2 0-1

[Event "Novosibirsk Siberia IM"]
[Site "Novosibirsk"]
[Date "2016.07.26"]
[Round "7"]
[White "Petrukhin, Denis"]
[Black "Petrukhina, Olga"]
[Result "1/2-1/2"]
[WhiteElo "2364"]
[BlackElo "2100"]
[PlyCount "30"]
[EventDate "2016.07.20"]
[EventType "tourn"]
[EventRounds "9"]
[EventCountry "RUS"]
[SourceTitle "EXT 2017"]
[Source "ChessBase"]
[SourceDate "2016.10.25"]
[SourceVersion "1"]
[SourceVersionDate "2016.10.25"]
[SourceQuality "1"]

1. d4 d5 2. Nf3 Nf6 3. Bf4 c6 4. e3 e6 5. h3 Bd6 6. Bxd6 Qxd6 7. c3 0-0 8. Bd3 Nbd7 9. 0-0 e5 10. dxe5 Nxe5 11. Nxe5 Qxe5 12. Nd2 Re8 13. Nf3 Qh5 14. Nd4 Qxd1 15. Rfxd1 Ne4 1/2-1/2

[Event "Novosibirsk Siberia IM"]
[Site "Novosibirsk"]
[Date "2016.07.24"]
[Round "5"]
[White "Petrukhin, Denis"]
[Black "Obgolts, Erik"]
[Result "1-0"]
[WhiteElo "2364"]
[BlackElo "2246"]
[PlyCount "89"]
[EventDate "2016.07.20"]
[EventType "tourn"]
[EventRounds "9"]
[EventCountry "RUS"]
[SourceTitle "EXT 2017"]
[Source "ChessBase"]
[SourceDate "2016.10.25"]
[SourceVersion "1"]
[SourceVersionDate "2016.10.25"]
[SourceQuality "1"]

1. e4 g6 2. d4 Bg7 3. Nc3 c6 4. Nf3 d6 5. a4 Nf6 6. Be2 0-0 7. 0-0 Nbd7 8. h3 a5 9. Be3 Qc7 10. Qd2 e5 11. dxe5 dxe5 12. Bc4 Re8 13. Ng5 Re7 14. Rad1 b6 15. Qd6 Qxd6 16. Rxd6 h6 17. Nxf7 Rxf7 18. Rxc6 Ba6 19. Nb5 Bxb5 20. axb5 Rb8 21. f4 Kf8 22. Bxf7 Kxf7 23. fxe5 Nxe5 24. Rxb6 Rxb6 25. Bxb6 Ke6 26. Re1 Nfd7 27. Bxa5 Nc4 28. Bc3 Bxc3 29. bxc3 Na3 30. c4 Nxc4 31. Ra1 Ke5 32. Ra7 Ncb6 33. Rc7 Kxe4 34. Rc6 g5 35. Rxh6 Nc4 36. Rc6 Nde5 37. Rc8 Nd6 38. b6 Nxc8 39. b7 Nd6 40. b8Q Ndc4 41. Qg8 Kf4 42. Qf8+ Ke4 43. Qg7 Kf5 44. g4+ Kf4 45. Kf2 1-0

[Event "Novosibirsk Siberia"]
[Site "Novosibirsk"]
[Date "2015.06.06"]
[Round "4"]
[White "Petrukhin, Denis"]
[Black "Khlichkova, Tatiana"]
[Result "1/2-1/2"]
[WhiteElo "2366"]
[BlackElo "2271"]
[PlyCount "44"]
[EventDate "2015.06.03"]
[EventType "tourn"]
[EventRounds "9"]
[EventCountry "RUS"]
[SourceTitle "CBM 167 Extra"]
[Source "ChessBase"]
[SourceDate "2015.09.14"]
[SourceVersion "1"]
[SourceVersionDate "2015.09.14"]
[SourceQuality "1"]

1. d4 d5 2. Nf3 Nf6 3. c4 e6 4. Nc3 c6 5. Bg5 Be7 6. e3 0-0 7. Bd3 Nbd7 8. cxd5 exd5 9. 0-0 Ne4 10. Bxe7 Qxe7 11. Bxe4 dxe4 12. Nd2 f5 13. Qb3+ Kh8 14. Rae1 Nf6 15. f3 Be6 16. Qc2 Bd5 17. Nxd5 cxd5 18. fxe4 fxe4 19. Qb3 Rac8 20. Rc1 Qd7 21. h3 Rxc1 22. Rxc1 Rc8 1/2-1/2

[Event "Sibiria Region-chT"]
[Site "Berdsk"]
[Date "2009.12.15"]
[Round "5"]
[White "Petrukhin, Denis"]
[Black "Khlichkova, Tatiana"]
[Result "1-0"]
[WhiteElo "2380"]
[BlackElo "1984"]
[PlyCount "97"]
[EventDate "2009.12.12"]
[EventType "team-tourn"]
[EventRounds "5"]
[EventCountry "RUS"]
[SourceTitle "CBM 134 Extra"]
[Source "ChessBase"]
[SourceDate "2010.03.03"]
[SourceVersion "1"]
[SourceVersionDate "2010.03.03"]
[SourceQuality "1"]

1. e4 g6 2. d4 Bg7 3. Nf3 d6 4. Bc4 a6 5. 0-0 b5 6. Bb3 Bb7 7. Re1 e6 8. a4 Nd7 9. c3 Ne7 10. Qe2 bxa4 11. Bxa4 0-0 12. Nbd2 Nb6 13. Bc2 Kh8 14. Nb3 Nc6 15. Na5 Nxa5 16. Rxa5 Nd7 17. Ra1 c5 18. Bf4 Qb6 19. Qd2 cxd4 20. cxd4 Rac8 21. Bb1 Rc4 22. b3 Rb4 23. Bc2 Bxd4 24. Nxd4 Qxd4 25. Qe2 Qb6 26. Bd2 Rb5 27. Bd3 Rh5 28. Be3 Qd8 29. Qb2+ Kg8 30. Be2 Rh4 31. f3 f5 32. Bc4 d5 33. exd5 exd5 34. Bf1 f4 35. Bf2 Rh5 36. Bxa6 Bxa6 37. Rxa6 Qg5 38. Qd4 Nf6 39. Ra7 Qf5 40. Qc5 g5 41. Qe7 Qg6 42. Qe6+ Kh8 43. Bd4 Rh6 44. Qe7 Kg8 45. Qxf8+ Kxf8 46. Bc5+ Kg8 47. Ra8+ Kg7 48. Bf8+ Kf7 49. Re7+ 1-0

[Event "Sibiria Region-chT"]
[Site "Berdsk"]
[Date "2009.12.12"]
[Round "1"]
[White "Lavrov, Maxim"]
[Black "Petrukhin, Denis"]
[Result "1/2-1/2"]
[WhiteElo "2368"]
[BlackElo "2380"]
[PlyCount "76"]
[EventDate "2009.12.12"]
[EventType "team-tourn"]
[EventRounds "5"]
[EventCountry "RUS"]
[SourceTitle "CBM 134 Extra"]
[Source "ChessBase"]
[SourceDate "2010.03.03"]
[SourceVersion "1"]
[SourceVersionDate "2010.03.03"]
[SourceQuality "1"]

1. e4 e5 2. Nf3 Nc6 3. Bb5 a6 4. Ba4 Nf6 5. d4 exd4 6. 0-0 d6 7. Nxd4 Bd7 8. Nxc6 Bxc6 9. Bxc6+ bxc6 10. Nc3 Be7 11. f4 0-0 12. Qf3 Qd7 13. h3 h6 14. b3 Nh7 15. Bb2 f5 16. Rae1 fxe4 17. Nxe4 d5 18. Ng3 Bf6 19. Bxf6 Nxf6 20. Re5 Rae8 21. Qd3 a5 22. a4 Qd6 23. Qc3 d4 24. Qc4+ Nd5 25. Nf5 Qg6 26. Nxd4 Rxe5 27. fxe5 Rxf1+ 28. Qxf1 Qe4 29. Nxc6 Qxc2 30. Qc4 Qxc4 31. bxc4 Nb6 32. Nxa5 Kf7 33. Kf2 Ke6 34. Ke3 Kxe5 35. Nc6+ Kd6 36. Nd4 Ke5 37. Nc6+ Ke6 38. Nd4+ Ke5 1/2-1/2

[Event "Novosibirsk Region-ch"]
[Site "Novosibirsk"]
[Date "2009.12.11"]
[Round "9"]
[White "Kovylin, Konstantin"]
[Black "Petrukhin, Denis"]
[Result "0-1"]
[WhiteElo "2016"]
[BlackElo "2384"]
[PlyCount "46"]
[EventDate "2009.12.04"]
[EventType "swiss"]
[EventRounds "9"]
[EventCountry "RUS"]
[SourceTitle "EXT 2011"]
[Source "ChessBase"]
[SourceDate "2010.11.26"]
[SourceVersion "1"]
[SourceVersionDate "2010.11.26"]
[SourceQuality "1"]

1. e4 e5 2. Nf3 Nc6 3. Bb5 a6 4. Ba4 Nf6 5. 0-0 b5 6. Bb3 Bc5 7. c3 d6 8. d4 Bb6 9. dxe5 Nxe5 10. Nxe5 dxe5 11. Qf3 Bb7 12. Bg5 h6 13. Rd1 hxg5 14. Rxd8+ Rxd8 15. Bc2 Rh4 16. Na3 Rf4 17. Qh3 Bc8 18. Qg3 Ng4 19. Rf1 Rd2 20. Qh3 Rdxf2 21. Rxf2 Rxf2 22. Qh8+ Ke7 23. Bd3 Rf6+ 0-1

[Event "Novosibirsk Region-ch"]
[Site "Novosibirsk"]
[Date "2009.12.10"]
[Round "8"]
[White "Popov, Nikita"]
[Black "Petrukhin, Denis"]
[Result "0-1"]
[WhiteElo "1893"]
[BlackElo "2384"]
[PlyCount "78"]
[EventDate "2009.12.04"]
[EventType "swiss"]
[EventRounds "9"]
[EventCountry "RUS"]
[SourceTitle "EXT 2011"]
[Source "ChessBase"]
[SourceDate "2010.11.26"]
[SourceVersion "1"]
[SourceVersionDate "2010.11.26"]
[SourceQuality "1"]

1. c4 Nf6 2. Nc3 g6 3. g3 Bg7 4. Bg2 0-0 5. e4 d6 6. Nge2 e5 7. 0-0 Be6 8. d3 Qd7 9. f4 Bh3 10. f5 Bxg2 11. Kxg2 c6 12. h3 Na6 13. g4 Ne8 14. b3 f6 15. h4 h6 16. fxg6 Qxg4+ 17. Ng3 Qxg6 18. Kh2 Kh7 19. Nf5 Nac7 20. Rg1 Qf7 21. Qf3 Ne6 22. Be3 Rd8 23. Rg3 Rg8 24. Rag1 N8c7 25. Qg2 Bh8 26. Nxh6 Rxg3 27. Qxg3 Qh5 28. Nf5 d5 29. Bxa7 d4 30. Na4 Nf4 31. Bb6 Ne2 32. Qg4 Qxg4 33. Rxg4 Rd7 34. Bxc7 Rxc7 35. Rg2 Nf4 36. Rd2 Bg7 37. c5 Bf8 38. b4 b6 39. cxb6 Rb7 0-1

[Event "Novosibirsk Region-ch"]
[Site "Novosibirsk"]
[Date "2009.12.07"]
[Round "5"]
[White "Petrukhin, Denis"]
[Black "Vorobjov, Stanislav"]
[Result "1-0"]
[WhiteElo "2384"]
[BlackElo "2175"]
[PlyCount "35"]
[EventDate "2009.12.04"]
[EventType "swiss"]
[EventRounds "9"]
[EventCountry "RUS"]
[SourceTitle "EXT 2011"]
[Source "ChessBase"]
[SourceDate "2010.11.26"]
[SourceVersion "1"]
[SourceVersionDate "2010.11.26"]
[SourceQuality "1"]

1. e4 e5 2. Nc3 Nf6 3. g3 d5 4. exd5 Nxd5 5. Bg2 Nb6 6. Nf3 Nc6 7. 0-0 Be7 8. Re1 f6 9. a4 0-0 10. a5 Nc4 11. a6 Rb8 12. d4 Nxd4 13. Nxd4 exd4 14. Nd5 Bd6 15. Qxd4 Nb6 16. Nxb6 cxb6 17. Rd1 Re8 18. Bf4 1-0

[Event "Novosibirsk Region-ch"]
[Site "Novosibirsk"]
[Date "2009.12.04"]
[Round "1"]
[White "Ragozin, Andrei"]
[Black "Petrukhin, Denis"]
[Result "1-0"]
[WhiteElo "2110"]
[BlackElo "2384"]
[PlyCount "47"]
[EventDate "2009.12.04"]
[EventType "swiss"]
[EventRounds "9"]
[EventCountry "RUS"]
[SourceTitle "EXT 2011"]
[Source "ChessBase"]
[SourceDate "2010.11.26"]
[SourceVersion "1"]
[SourceVersionDate "2010.11.26"]
[SourceQuality "1"]

1. d4 Nf6 2. Nf3 g6 3. g3 Bg7 4. Bg2 0-0 5. 0-0 c6 6. c4 d6 7. Nc3 Nbd7 8. Bf4 Qe8 9. Qd2 e5 10. Bh6 e4 11. Nh4 Qe6 12. Bxg7 Kxg7 13. Bh1 Re8 14. d5 cxd5 15. Nb5 Nb6 16. Nc7 Qe7 17. Nxe8+ Qxe8 18. cxd5 Qe5 19. Rfd1 Nfxd5 20. Qd4 f5 21. f3 g5 22. fxe4 Qxd4+ 23. Rxd4 Ne3 24. Rd3 1-0

[Event "Novosibirsk Sukharev Memorial op"]
[Site "Novosibirsk"]
[Date "2009.07.23"]
[Round "6"]
[White "Petrukhin, Denis"]
[Black "Bocharov, Ivan"]
[Result "1/2-1/2"]
[WhiteElo "2380"]
[BlackElo "2476"]
[PlyCount "114"]
[EventDate "2009.07.18"]
[EventType "swiss"]
[EventRounds "9"]
[EventCountry "RUS"]
[SourceTitle "CBM 131 Extra"]
[Source "ChessBase"]
[SourceDate "2009.09.03"]
[SourceVersion "2"]
[SourceVersionDate "2009.09.16"]
[SourceQuality "1"]

1. e4 c5 2. Nf3 Nc6 3. d4 cxd4 4. Nxd4 Nf6 5. Nc3 e5 6. Ndb5 d6 7. Bg5 a6 8. Na3 b5 9. Bxf6 gxf6 10. Nd5 f5 11. c3 Bg7 12. Bd3 Be6 13. Nxb5 axb5 14. Bxb5 Rc8 15. Nb4 Bd7 16. Qxd6 Nxb4 17. Qxb4 Bxb5 18. Qxb5+ Qd7 19. Qxd7+ Kxd7 20. exf5 Ke7 21. 0-0-0 h5 22. Kc2 Rc7 23. Rd5 Kf6 24. Rhd1 Ra8 25. a3 Kxf5 26. Rd7 Rxd7 27. Rxd7 Ke6 28. Rb7 Ra6 29. c4 e4 30. f3 e3 31. Kd3 Bd4 32. Rb5 Rd6 33. Ke2 f5 34. f4 h4 35. b4 Rc6 36. Kd3 Rd6 37. Ke2 Rd8 38. g3 h3 39. a4 Ba7 40. c5 Rd2+ 41. Kxe3 Rxh2 42. Rb7 Rh1 43. Rxa7 h2 44. Rh7 Re1+ 45. Kd4 h1Q 46. Rxh1 Rxh1 47. a5 Re1 48. Kc4 Ra1 49. Kb5 Kd7 50. Kb6 Kc8 51. b5 Ra3 52. a6 Kb8 53. Kc6 Rxg3 54. b6 Rc3 55. a7+ Ka8 56. Kd5 Rc1 57. c6 Rc5+ 1/2-1/2

[Event "Novosibirsk Sukharev Memorial op"]
[Site "Novosibirsk"]
[Date "2009.07.20"]
[Round "3"]
[White "Dergilev, Igor"]
[Black "Petrukhin, Denis"]
[Result "1/2-1/2"]
[WhiteElo "2222"]
[BlackElo "2380"]
[PlyCount "120"]
[EventDate "2009.07.18"]
[EventType "swiss"]
[EventRounds "9"]
[EventCountry "RUS"]
[SourceTitle "CBM 131 Extra"]
[Source "ChessBase"]
[SourceDate "2009.09.03"]
[SourceVersion "2"]
[SourceVersionDate "2009.09.16"]
[SourceQuality "1"]

1. d4 g6 2. Nf3 Bg7 3. g3 c5 4. Bg2 cxd4 5. Nxd4 Nc6 6. Nxc6 bxc6 7. c4 Qa5+ 8. Nd2 Nf6 9. 0-0 0-0 10. a3 Qa6 11. b4 Rb8 12. Bb2 d6 13. Qc2 Be6 14. h3 Qc8 15. Kh2 a5 16. Bc3 axb4 17. axb4 d5 18. c5 d4 19. Bxd4 Rxb4 20. e3 Rd8 21. Rab1 Bf5 22. Qc3 Rbxd4 23. exd4 Bxb1 24. Rxb1 h5 25. Kg1 Nd5 26. Qd3 Nc7 27. Rb4 Na6 28. Rb6 Nxc5 29. Qc4 Bxd4 30. Rxc6 Qf5 31. Nf3 Ne6 32. Qe2 Bc5 33. Nh4 Qb1+ 34. Kh2 Nd4 35. Qe5 Nxc6 36. Qxc5 Nd4 37. Qxe7 Qb6 38. Be4 Rd6 39. Qe8+ Kg7 40. Kg2 Re6 41. Qa8 Rf6 42. Nf3 Nc6 43. Qa4 Ne7 44. h4 Nf5 45. Qa1 Nh6 46. Qc3 Ng4 47. Qd2 Qc5 48. Qb2 Qa7 49. Bd5 Kg8 50. Qe2 Rd6 51. Bc4 Qb7 52. Kg1 Rb6 53. Qd3 Rb1+ 54. Kg2 Rb2 55. Qxg6+ Kf8 56. Qd6+ Kg7 57. Qd4+ Kg8 58. Qd8+ Kg7 59. Qg5+ Kf8 60. Qd8+ Kg7 1/2-1/2

[Event "Sibiria Region-chT"]
[Site "Berdsk"]
[Date "2008.11.28"]
[Round "1"]
[White "Petrukhin, Denis"]
[Black "Bocharov, Ivan"]
[Result "0-1"]
[WhiteElo "2391"]
[BlackElo "2452"]
[PlyCount "72"]
[EventDate "2008.11.28"]
[EventType "team-swiss"]
[EventRounds "7"]
[EventCountry "RUS"]
[SourceTitle "EXT 2010"]
[Source "ChessBase"]
[SourceDate "2010.11.25"]
[SourceVersion "1"]
[SourceVersionDate "2010.11.25"]
[SourceQuality "1"]

1. e4 c5 2. Ne2 e5 3. Nbc3 Nc6 4. g3 d6 5. Bg2 h5 6. h3 g6 7. d3 Be6 8. Nd5 Qd7 9. c3 Bg7 10. Bg5 h4 11. g4 f6 12. Be3 f5 13. gxf5 gxf5 14. f4 Nf6 15. Qa4 Rc8 16. fxe5 Nxe5 17. Qxd7+ Kxd7 18. 0-0-0 Nxd5 19. exd5 Bf7 20. Rhf1 Rce8 21. Nf4 Bh6 22. Kc2 Rhg8 23. Bh1 c4 24. dxc4 Nxc4 25. Bd4 Ne3+ 26. Bxe3 Rxe3 27. Rd3 Rgg3 28. Rxe3 Rxe3 29. Kb3 Bxf4 30. Rxf4 Rxh3 31. Rxf5 Ke7 32. Be4 Re3 33. Rf4 h3 34. Bh1 Re1 35. Be4 h2 36. Rh4 Rxe4 0-1

[Event "Siberia Int A"]
[Site "Novosibirsk"]
[Date "2008.07.28"]
[Round "9"]
[White "Petrukhin, Denis"]
[Black "Timofeeva, Ekaterina"]
[Result "1/2-1/2"]
[WhiteElo "2393"]
[BlackElo "2223"]
[PlyCount "29"]
[EventDate "2008.07.20"]
[EventType "tourn"]
[EventRounds "9"]
[EventCountry "RUS"]
[SourceTitle "EXT 2022"]
[Source "ChessBase"]
[SourceDate "2021.10.06"]
[SourceVersion "1"]
[SourceVersionDate "2021.10.06"]
[SourceQuality "1"]

1. e4 d6 2. Nc3 c5 3. Nge2 e5 4. g3 g6 5. Bg2 Bg7 6. 0-0 Ne7 7. f4 Nbc6 8. d3 0-0 9. Be3 Nd4 10. Qd2 Rb8 11. h3 b5 12. g4 b4 13. Nd1 f5 14. gxf5 gxf5 15. Ng3 1/2-1/2

[Event "Siberia Int A"]
[Site "Novosibirsk"]
[Date "2008.07.27"]
[Round "8"]
[White "Verzhansky, Alexander"]
[Black "Petrukhin, Denis"]
[Result "1/2-1/2"]
[WhiteElo "2354"]
[BlackElo "2393"]
[PlyCount "74"]
[EventDate "2008.07.20"]
[EventType "tourn"]
[EventRounds "9"]
[EventCountry "RUS"]
[SourceTitle "EXT 2022"]
[Source "ChessBase"]
[SourceDate "2021.10.06"]
[SourceVersion "1"]
[SourceVersionDate "2021.10.06"]
[SourceQuality "1"]

1. d4 Nf6 2. c4 g6 3. Nc3 Bg7 4. e4 d6 5. f3 0-0 6. Be3 c5 7. Nge2 Nc6 8. d5 Ne5 9. Ng3 h5 10. Be2 h4 11. Nf1 a6 12. a4 e6 13. h3 exd5 14. cxd5 Rb8 15. Bg5 b5 16. axb5 axb5 17. Nd2 Qe8 18. 0-0 Nh7 19. Bxh4 f5 20. f4 Nf7 21. Ra7 g5 22. fxg5 Nfxg5 23. exf5 Bxf5 24. Kh1 c4 25. Nf3 b4 26. Nxg5 bxc3 27. Rxg7+ Kxg7 28. Qd4+ Qe5 29. Qxe5+ dxe5 30. bxc3 Nxg5 31. Bxg5 Be4 32. Rxf8 Rxf8 33. d6 Rf2 34. d7 Rxg2 35. d8Q Rxg5+ 36. Kh2 Rg2+ 37. Kh1 Rg6+ 1/2-1/2

[Event "Siberia Int A"]
[Site "Novosibirsk"]
[Date "2008.07.25"]
[Round "6"]
[White "Shakirov, Alexander"]
[Black "Petrukhin, Denis"]
[Result "0-1"]
[WhiteElo "1988"]
[BlackElo "2393"]
[PlyCount "70"]
[EventDate "2008.07.20"]
[EventType "tourn"]
[EventRounds "9"]
[EventCountry "RUS"]
[SourceTitle "EXT 2022"]
[Source "ChessBase"]
[SourceDate "2021.10.06"]
[SourceVersion "1"]
[SourceVersionDate "2021.10.06"]
[SourceQuality "1"]

1. d4 Nf6 2. Nf3 g6 3. b3 Bg7 4. Bb2 0-0 5. g3 d6 6. Bg2 Nbd7 7. 0-0 c6 8. c4 Qc7 9. Nc3 Re8 10. e4 e5 11. dxe5 dxe5 12. Re1 Nc5 13. Qc2 Ne6 14. Rad1 Nd7 15. Nb1 a5 16. Qd2 Bf8 17. Bc3 Nec5 18. Qc2 Qb6 19. Nbd2 Na6 20. Qb2 f6 21. a3 Ndc5 22. Qc2 Rd8 23. Re3 Ne6 24. Nb1 Nd4 25. Nxd4 exd4 26. Red3 Bg4 27. Bxd4 Bxd1 28. Qxd1 Bc5 29. Bxf6 Bxf2+ 30. Kh1 Rxd3 31. Qxd3 Qe3 32. Qxe3 Bxe3 33. Bh3 Kf7 34. e5 Nc5 35. Bh4 g5 0-1

[Event "Siberia Int A"]
[Site "Novosibirsk"]
[Date "2008.07.22"]
[Round "3"]
[White "Novikova, Anna"]
[Black "Petrukhin, Denis"]
[Result "1/2-1/2"]
[WhiteElo "2245"]
[BlackElo "2393"]
[PlyCount "23"]
[EventDate "2008.07.20"]
[EventType "tourn"]
[EventRounds "9"]
[EventCountry "RUS"]
[SourceTitle "EXT 2022"]
[Source "ChessBase"]
[SourceDate "2021.10.06"]
[SourceVersion "1"]
[SourceVersionDate "2021.10.06"]
[SourceQuality "1"]

1. e4 e5 2. Nf3 Nc6 3. Bc4 Nf6 4. d3 h6 5. 0-0 d6 6. c3 g6 7. Re1 Bg7 8. Bb3 0-0 9. Nbd2 Qe7 10. Nf1 Nd8 11. Ng3 Ne6 12. d4 1/2-1/2

[Event "Siberia Int A"]
[Site "Novosibirsk"]
[Date "2008.07.21"]
[Round "2"]
[White "Petrukhin, Denis"]
[Black "Karimov, Adkhamzhan"]
[Result "1-0"]
[WhiteElo "2393"]
[BlackElo "2114"]
[PlyCount "65"]
[EventDate "2008.07.20"]
[EventType "tourn"]
[EventRounds "9"]
[EventCountry "RUS"]
[SourceTitle "EXT 2022"]
[Source "ChessBase"]
[SourceDate "2021.10.06"]
[SourceVersion "1"]
[SourceVersionDate "2021.10.06"]
[SourceQuality "1"]

1. e4 c5 2. Nf3 a6 3. Nc3 Nc6 4. d4 cxd4 5. Nxd4 e5 6. Nf5 d6 7. Ne3 Nf6 8. Ned5 Nxd5 9. Nxd5 Be6 10. Be3 Bxd5 11. Qxd5 Qa5+ 12. Qxa5 Nxa5 13. c4 Rc8 14. b3 Be7 15. Be2 Nc6 16. 0-0-0 0-0 17. Kb1 g6 18. g4 Rcd8 19. h4 Rfe8 20. g5 Rf8 21. h5 Nd4 22. Bg4 b5 23. cxb5 axb5 24. f4 f5 25. gxf6 Rxf6 26. hxg6 hxg6 27. Rh2 Rdf8 28. Rdh1 Ne6 29. f5 Nf4 30. Rh7 Bd8 31. Rh8+ Kf7 32. R1h7+ Ke8 33. fxg6 1-0

[Event "Novosibirsk April op"]
[Site "Novosibirsk"]
[Date "2008.04.11"]
[Round "7"]
[White "Petrukhin, Denis"]
[Black "Podmarjkov, Sergei"]
[Result "1/2-1/2"]
[WhiteElo "2403"]
[BlackElo "2049"]
[PlyCount "76"]
[EventDate "2008.04.05"]
[EventType "swiss"]
[EventRounds "9"]
[EventCountry "RUS"]
[SourceTitle "EXT 2010"]
[Source "ChessBase"]
[SourceDate "2010.11.25"]
[SourceVersion "1"]
[SourceVersionDate "2010.11.25"]
[SourceQuality "1"]

1. e4 c6 2. d4 d5 3. Nd2 dxe4 4. Nxe4 Bf5 5. Ng3 Bg6 6. N1e2 e6 7. Nf4 Bd6 8. h4 Bxf4 9. Bxf4 h6 10. Bc4 Nf6 11. Qe2 0-0 12. h5 Bh7 13. 0-0-0 Nbd7 14. Kb1 Nd5 15. Bd6 Re8 16. Bd3 Bxd3 17. Qxd3 N7f6 18. Be5 b5 19. f4 Qa5 20. Rh4 Rad8 21. c3 c5 22. f5 c4 23. Qf3 b4 24. Rc1 bxc3 25. bxc3 exf5 26. Nxf5 Rxe5 27. dxe5 Rb8+ 28. Ka1 Qb5 29. Qe2 Nxc3 30. Qc2 Nfe4 31. Ne7+ Kh8 32. Rh3 Nxa2 33. Kxa2 c3 34. Rxc3 Nxc3+ 35. Qxc3 Qa6+ 36. Qa3 Qe6+ 37. Ka1 Qxe5+ 38. Ka2 Qe6+ 1/2-1/2

[Event "Sibiria Region-ch"]
[Site "Novokuznetsk"]
[Date "2008.03.20"]
[Round "8"]
[White "Pushkarev, Dmitry"]
[Black "Petrukhin, Denis"]
[Result "1-0"]
[WhiteElo "2363"]
[BlackElo "2420"]
[PlyCount "71"]
[EventDate "2008.03.13"]
[EventType "swiss"]
[EventRounds "9"]
[EventCountry "RUS"]
[SourceTitle "CBM 123 Extra"]
[Source "ChessBase"]
[SourceDate "2008.05.06"]
[SourceVersion "1"]
[SourceVersionDate "2008.05.06"]
[SourceQuality "1"]

1. e4 e5 2. Nf3 Nc6 3. Bb5 a6 4. Ba4 Nf6 5. 0-0 b5 6. Bb3 Bc5 7. c3 d6 8. a4 Rb8 9. d4 Bb6 10. Na3 0-0 11. axb5 axb5 12. Nxb5 exd4 13. cxd4 Bg4 14. Ba4 d5 15. e5 Ne4 16. Be3 f5 17. Nxc7 Qxc7 18. Rc1 f4 19. Rxc6 Qf7 20. Bc1 Bd7 21. e6 Bxe6 22. Re1 Ba5 23. Rxe4 dxe4 24. Ng5 Qg6 25. Nxe6 f3 26. g3 Rfc8 27. Qb3 Qf5 28. Bf4 e3 29. Rxc8+ Rxc8 30. Nc5+ Kh8 31. Qxe3 Qb1+ 32. Qc1 Qxc1+ 33. Bxc1 Bb4 34. Be3 Ra8 35. b3 Rd8 36. h3 1-0

[Event "Sibiria Region-ch"]
[Site "Novokuznetsk"]
[Date "2008.03.19"]
[Round "7"]
[White "Petrukhin, Denis"]
[Black "Shomoev, Anton"]
[Result "0-1"]
[WhiteElo "2420"]
[BlackElo "2562"]
[PlyCount "108"]
[EventDate "2008.03.13"]
[EventType "swiss"]
[EventRounds "9"]
[EventCountry "RUS"]
[SourceTitle "CBM 123 Extra"]
[Source "ChessBase"]
[SourceDate "2008.05.06"]
[SourceVersion "1"]
[SourceVersionDate "2008.05.06"]
[SourceQuality "1"]

1. e4 c5 2. Nf3 d6 3. d4 cxd4 4. Nxd4 Nf6 5. Nc3 a6 6. h3 e6 7. g4 b5 8. Bg2 Bb7 9. a3 h6 10. Qe2 Nbd7 11. f4 e5 12. Nf5 g6 13. Ng3 exf4 14. Bxf4 Ne5 15. 0-0 Bg7 16. Rad1 Qe7 17. Qf2 Rc8 18. g5 Nfd7 19. gxh6 Bxh6 20. Bxh6 Rxh6 21. Nge2 Kf8 22. Qd4 Nc4 23. b3 Nxa3 24. Qxd6 Qxd6 25. Rxd6 Ne5 26. Rb6 Bc6 27. Nd4 Nxc2 28. Nxc2 Bd7 29. Nxb5 Rxc2 30. Nd4 Rxg2+ 31. Kxg2 Bxh3+ 32. Kg1 Bxf1 33. Nf5 gxf5 34. Rxh6 Bb5 35. exf5 Nf3+ 36. Kf2 Nd4 37. f6 Ke8 38. Rh3 Nf5 39. Rh5 Nd6 40. Re5+ Kd7 41. Ke3 Kc6 42. Kd4 Bf1 43. Rc5+ Kb6 44. Rc1 Bh3 45. Ke5 Nb5 46. b4 Be6 47. Rc2 Na7 48. Kd4 Nc6+ 49. Kc3 Kb5 50. Re2 Nb8 51. Re1 Nd7 52. Rf1 Nb6 53. Re1 Nd5+ 54. Kd4 Nxf6 0-1